|
|
|
|
| LEADER |
00000nab a2200000 ar4500 |
| 001 |
vtls008304024 |
| 003 |
SK-MaSNL |
| 005 |
20260303094526.0 |
| 008 |
051019c2005 xo mr|p|||||||000 b|slo |
| 015 |
|
|
|a SNBRB2005/10
|2 snkbucl
|
| 038 |
|
|
|a SNKBUCL
|
| 040 |
|
|
|a SNKBUCL
|b slo
|c SNKBUCL
|e AACR2
|
| 041 |
0 |
|
|a slo
|
| 044 |
|
|
|a xo
|c SK
|
| 080 |
|
|
|a 635.92.054
|2 UDC-MRF-SK2
|
| 100 |
1 |
|
|a Kvizdová, Jana
|4 aut
|9 859035
|
| 245 |
1 |
0 |
|a Aristokratické krásky magnólie
|c Jana Kvizdová
|
| 300 |
|
|
|b Fotogr., tab.
|
| 650 |
0 |
7 |
|a magnólie
|2 snkbucl
|9 623064
|
| 650 |
0 |
7 |
|a pestovanie okrasných rastlín
|2 snkbucl
|9 3953
|
| 773 |
0 |
|
|t Záhradkár
|g Roč. 41, č. 4 (2005), s. 32-35
|x 0862-5565
|
| 852 |
|
|
|a SNK
|b KIS3GCP
|
| 999 |
|
|
|c 1821049
|d 1822979
|